Responses for Show #3732 - Tuesday, November 21, 2000

2000-B College Championship final game 2.
From the University of Washington in Seattle.

Contestants

[<< previous game]

Carl Gilbertsen, a junior at the University of Illinois from Chicago, Illinois (subtotal of $1,300)

Pam Mueller, a junior at Loyola University, Chicago from Wilmette, Illinois (subtotal of $11,000)

Jonah Knobler, a sophomore at Harvard University from Cincinnati, Ohio (subtotal of $6,600)

[next game >>]

Jeopardy! Round responses

SIMPLE SCIENCE
TV 2K
THIS DOES NOT COMPUTE
IN THE BOOKSTORE
THE SCHOOL OF HARD KNOCKS
DORM CUISINE
    $100 5
Red

Jonah
    $100 28
Survivor

Carl
    $100 29
(buzzer sounds)

13

Pam
    $100 12
Princess Diana

Jonah
    $100 13
Wheaties

Jonah
    $200 4
Nitrogen

Jonah
    $200 27
Politically Incorrect

Jonah
    $200 26
Hundred Years' War

Carl
    $200 11
Barbara Kingsolver

Triple Stumper
    $200 25
Gauntlet

Carl
    $200 14
Trix

Jonah
    $300 3
Volcanoes

Jonah
    $300 21
(P: What is O-Zone?)
(C: What is Boyzone?)
(J: What is 2gether?)

O-Town

JonahPamCarl
Triple Stumper
    $300 18
Bird

Pam
    $300 10
Jackie Collins

Carl
    $300 24
(less than a minute...)

Corporal punishment

Carl
    $300 15
Chex

Carl
    $500 2
Carbon dioxide

Jonah
    $400 20
Bea Arthur

Triple Stumper
    $400 7
2 X 4

Pam
    $400 9
(C: What is "The Diary of Miss Jones?")
(Alex: (at the commercial break) Carl, the judges decided that you gave us enough information in your response, so you won't be credited with an incorrect response, but a correct one.)

"Bridget Jones's Diary"

PamCarl
    $400 23
Hazing

Carl
    $400 16
Kix

Pam
    $500 1
Luther Burbank

Triple Stumper
    $500 19
Bob

Pam
    $500 6
Anteaters

Carl
    $500 8
(J: Who is...that Russian guy?)

Vladimir Nabokov

JonahCarl
    $500 22
Bullies

Pam
    $500 17
Cocoa Puffs

Jonah

Scores at the first commercial break (after clue 11):

Jonah Pam Carl
$600 $800 $1,700

Scores at the end of the Jeopardy! Round:

Jonah Pam Carl
$1,400 $2,300 $2,900

Double Jeopardy! Round responses

REVERSED DECISIONS
(Alex: We're talking about reversed decisions of the Supreme Court.)
CAPITAL PUNISHMENT
(Alex: You have to name the country on that one.)
VIBE
(Alex: The magazine.)
BLOOD & GUTS
BONE UP ON YOUR BONAPARTE
BEFORE & AFTER
    $200 6
Counsel

Jonah
    $200 5
Turkey

Pam
    $200 30
Jennifer Lopez

Pam
    $200 29
(J: What is A?)

O

JonahPam
    $200 11
Its stomach

Carl
    $200 23
Ricky Martin Luther

Pam
    $400 7
Evidence

Carl
    $400 4
Cambodia

Jonah
    $400 24
(we have about a minute left...)

Brandy

Jonah
    $400 28
Vampire bat

Jonah
    $400 12
Lord Nelson

Carl
    $400 22
William Henry Harrison Ford

Jonah
    $600 8
the victim

Jonah
    $600 3
Sudan

Carl
    $600 18
Lauryn Hill

Pam
    $600 27
Scotland

Carl
    $600 13
(Carl: Who is [*]?)
(Alex: [**] was the other. Correct.)

Josephine (or Marie Louise)

Carl
    $600 21
Robert E. Lee Majors

Triple Stumper
    $1,500 9
(J: What is the railroad business?)

Insurance business

Jonah
    $800 2
Lithuania

Pam
    $800 17
Will Smith

Jonah
    $800 26
Leech

Pam
    $3,000 14
(Carl: I'm going to go with $3,000.)
(Alex: $3,000... keep in mind Carl knows he has a lot of ground to make up after yesterday's show.)
...
(Carl: What are Corsica, Corsica, and St. Helen's?)

Corsica, Elba & St. Helena

Carl
    $800 20
Little John Madden

Carl
    $1000 10
Wobblies

Jonah
    $1000 1
Croatia

Jonah
    $1000 16
Usher

Carl
    $1000 25
Small intestine

Pam
    $1000 15
Bourbon

Carl
    $1000 19
Jacques-Louis David Hasselhoff

Triple Stumper

Scores at the end of the Double Jeopardy! Round:

Jonah Pam Carl
$4,900 $6,300 $5,500
(lock tournament)

[wagering suggestions for these scores]

Final Jeopardy! Round responses

COLLEGE SPORTS HISTORY
JonahWhat is the U of Michigan? :(
$4,900
CarlWhat is Yale?
$5,500
PamWhat is PCU? :)
$0
Gallaudet University

Final scores:

Jonah Pam Carl
$0 $6,300 $0

Cumulative scores:

Jonah Pam Carl
$6,600 $17,300 $1,300
1st runner-up: $15,000 minimum Tournament champion: $50,000 + a 2001 Volvo S60 + a trophy 2nd runner-up: $10,000 minimum

Game dynamics:

Coryat scores:

Jonah Pam Carl
$6,300 $6,300 $8,500
18 R
(including 1 DD),
4 W
(including 1 DD)
15 R,
1 W
19 R,
2 W
(including 1 DD)

Combined Coryat: $21,100

[game clues] [game scores] [suggest correction]

Game tape date: 2000-09-16
The J! Archive is created by fans, for fans. Scraping, republication, monetization, and malicious use prohibited; this site may use cookies and collect identifying information. See terms. The Jeopardy! game show and all elements thereof, including but not limited to copyright and trademark thereto, are the property of Jeopardy Productions, Inc. and are protected under law. This website is not affiliated with, sponsored by, or operated by Jeopardy Productions, Inc. Join the discussion at JBoard.tv.